=LDR 00000nam 2200000 4500 =001 INLIS000000000047676 =005 20180208101603 =035 ##$$a 0010-021600000000064 =008 180208###########################0###### =082 ##$$a 028.5 =090 ##$$a 028.5 kim k =100 ##$$a Kim Shin Joong =245 1#$$a kisah bijak kitab suci power bible comic 6 : $b Keruntuhan dan Perjanjian /$c Kim Shin Joong =260 ##$$a Jakarta :$b Elex Media Computindo,$c 2010 =300 ##$$a 213 hlm. : $b Ilus ; $c 23 cm =850 ##$$a NPBMAT =020 ##$$a 978-979-27-7381-1 =084 ##$$a 028.5 Kim k1 =990 ##$$a 0001/BPAP-NTB/2016 =990 ##$$a 0001/BPAP-NTB/2016 =990 ##$$a 30243024 =990 ##$$a 21101801 =990 ##$$a 0001/BPAP-NTB/2016 =990 ##$$a 0001/BPAP-NTB/2016